000 00439nam a2200193Ia 4500
003 OSt
005 20220517165125.0
008 210210b1923 xxu||||| |||| 00| 0 eng d
040 _c
041 _aeng
082 _a542/152
100 _aWESTON (Frank E)
_937702
245 _aCarbon compounds
260 _aLondon
_bLongmans Green & Co
_c1923
300 _a108
690 _aChemistry
_937703
906 _a009356
942 _2ddc
_cBK
999 _c127869
_d127869